000 00522nam a2200169Ia 4500
003 OSt
005 20200113153247.0
008 190216s9999||||xx |||||||||||||| ||und||
020 _a0333930690
040 _coclc
082 _a332.042
_bJAI/I
100 _aJain, P K
_91158
245 0 _aInternational Financial Management /
_cP K Jain ; Josette Peyrard ; Surendra S Yadav
260 _bMacmillan India Ltd,
_c2003.
_aNew Delhi:
300 _a334p
942 _cBK
_2ddc
_h332.042
_iJAI/I
_k332.042
_mJAI/I
999 _c6302
_d6302